The 3rd world war : (Record no. 695)
[ view plain ]
| 000 -LEADER | |
|---|---|
| fixed length control field | 01103cam a22003017a 4500 |
| 001 - CONTROL NUMBER | |
| control field | 15398253 |
| 003 - CONTROL NUMBER IDENTIFIER | |
| control field | OSt |
| 005 - DATE AND TIME OF LATEST TRANSACTION | |
| control field | 20230606143802.0 |
| 008 - FIXED-LENGTH DATA ELEMENTS--GENERAL INFORMATION | |
| fixed length control field | 080806s2008 ke a 000 0 eng |
| 010 ## - LIBRARY OF CONGRESS CONTROL NUMBER | |
| LC control number | 2008349941 |
| 020 ## - INTERNATIONAL STANDARD BOOK NUMBER | |
| International Standard Book Number | 9966050930 |
| 040 ## - CATALOGING SOURCE | |
| Original cataloging agency | DLC |
| Transcribing agency | DLC |
| Modifying agency | DLC |
| 042 ## - AUTHENTICATION CODE | |
| Authentication code | lcode |
| 050 00 - LIBRARY OF CONGRESS CALL NUMBER | |
| Classification number | MLCM 2009/40799 (R) |
| 082 ## - DEWEY DECIMAL CLASSIFICATION NUMBER | |
| Classification number | 616.97 |
| Item number | NDI |
| 100 1# - MAIN ENTRY--PERSONAL NAME | |
| Personal name | Ndicho, Stephen. |
| 245 14 - TITLE STATEMENT | |
| Title | The 3rd world war : |
| Remainder of title | HIV/AIDS / |
| Statement of responsibility, etc. | Stephen Ndicho. |
| 246 3# - VARYING FORM OF TITLE | |
| Title proper/short title | Third world war : |
| Remainder of title | HIV/AIDS |
| 250 ## - EDITION STATEMENT | |
| Edition statement | 5th ed. |
| 260 ## - PUBLICATION, DISTRIBUTION, ETC. (IMPRINT) | |
| Place of publication, distribution, etc. | Nairobi : |
| Name of publisher, distributor, etc. | Supernatural Trading Co., |
| Date of publication, distribution, etc. | 2008. |
| 300 ## - PHYSICAL DESCRIPTION | |
| Extent | x, 376 p. : |
| Other physical details | ill. ; |
| Dimensions | 25 cm. |
| 500 ## - GENERAL NOTE | |
| General note | "Drug and substance abuse, alcohol & alcoholism, the tobacco menace, pornography & rape." |
| 500 ## - GENERAL NOTE | |
| General note | "Plus, a maths dictionary for high schools and colleges, roll of famous mathematicians over centuries." |
| 856 41 - ELECTRONIC LOCATION AND ACCESS | |
| Materials specified | Table of contents only |
| Uniform Resource Identifier | <a href="http://www.loc.gov/catdir/toc/fy0903/2008349941.html">http://www.loc.gov/catdir/toc/fy0903/2008349941.html</a> |
| 906 ## - LOCAL DATA ELEMENT F, LDF (RLIN) | |
| a | 7 |
| b | cbc |
| c | origode |
| d | 3 |
| e | ncip |
| f | 20 |
| g | y-gencatlg |
| 942 ## - ADDED ENTRY ELEMENTS (KOHA) | |
| Source of classification or shelving scheme | Dewey Decimal Classification |
| Koha item type | Books |
| Withdrawn status | Lost status | Source of classification or shelving scheme | Damaged status | Not for loan | Home library | Current library | Date acquired | Total Checkouts | Full call number | Barcode | Date last seen | Price effective from | Koha item type |
|---|---|---|---|---|---|---|---|---|---|---|---|---|---|
| Dewey Decimal Classification | Bunge Tower Library | Bunge Tower Library | 06/06/2023 | 616.97 NDI | 10015520 | 06/06/2023 | 06/06/2023 | Books | |||||
| Dewey Decimal Classification | Bunge Tower Library | Bunge Tower Library | 06/06/2023 | 616.97 NDI | 10014514 | 06/06/2023 | 06/06/2023 | Books | |||||
| Dewey Decimal Classification | Bunge Tower Library | Bunge Tower Library | 06/06/2023 | 616.97 NDI | 10014516 | 06/06/2023 | 06/06/2023 | Books | |||||
| Dewey Decimal Classification | Bunge Tower Library | Bunge Tower Library | 06/06/2023 | 616.97 NDI | 10014515 | 06/06/2023 | 06/06/2023 | Books | |||||
| Dewey Decimal Classification | Bunge Tower Library | Bunge Tower Library | 06/06/2023 | 616.97 NDI | 10014517 | 06/06/2023 | 06/06/2023 | Books | |||||
| Dewey Decimal Classification | Bunge Tower Library | Bunge Tower Library | 06/06/2023 | 616.97 NDI | 10015519 | 06/06/2023 | 06/06/2023 | Books |
